00755cam a22002057a 4500003000500000005001700005008004100022010001000063011001000073035001100083040000900094100003700103245015200140260004300292300002300335502010200358650003000460650002500490650003400515CHAP20220329142838.0040812d2003 mx r 00110 spa d a88643 a89615 a100166 cCHAP00aArmenta Cejudo, Ramón Antonio.13aLa industria vitivinicola en Sonora y Baja California :bun análisis desde la teoria de la organización industrialc/por Ramón Armenta Cejudo aMontecillo, Méx. :bEl autor,c2003. a116 h. ;bgráfs. aTesis (M.C.) CP. Instituto de Socioeconomía, Estadistica e Informática Programa en Economía14aIndustria vitivinícola.14aViticulturaxSonora.14aViticulturazBaja California.